Normal view
MARC view
- المانيا - تاريخ ، المانيا - احوال اقتصادية، المانيا سياسة وحكومة
Entry Topical Term
001 - CONTROL NUMBER
- control field: 50103
003 - CONTROL NUMBER IDENTIFIER
- control field: JO-AjAnu
005 - DATE AND TIME OF LATEST TRANSACTION
- control field: 20230606082242.0
008 - FIXED-LENGTH DATA ELEMENTS
- fixed length control field: 230606|| aca||aabn | a|a d
040 ## - CATALOGING SOURCE
- Original cataloging agency: JO-AjAnu
- Transcribing agency: JO-AjAnu
150 ## - HEADING--TOPICAL TERM
- Topical term or geographic name entry element: المانيا - تاريخ ، المانيا - احوال اقتصادية، المانيا سياسة وحكومة
670 ## - SOURCE DATA FOUND
- Source citation: Work cat.: (JO-AjAnu)25616: الزعبي، أمجد أحمد, author 50102, التاريخ السياسي والاقتصادي لآلمانيا 1789 - 1846 : دراسة في تجربة الاتحاد الآلماني من خلال البرلمان القومي الآول : برلمان فرانكفورت